Badminton : (Record no. 3826)

000 -LEADER
fixed length control field nam a22 a 4500
003 - CONTROL NUMBER IDENTIFIER
control field AKMAL
005 - DATE AND TIME OF LATEST TRANSACTION
control field 20170524092307.0
008 - FIXED-LENGTH DATA ELEMENTS--GENERAL INFORMATION
fixed length control field 170524s1988 xxk 00 eng d
020 ## - INTERNATIONAL STANDARD BOOK NUMBER
International Standard Book Number 071539228X (pbk.):
Terms of availability GBP6.95
040 ## - CATALOGING SOURCE
Original cataloging agency AKMAL
082 04 - DEWEY DECIMAL CLASSIFICATION NUMBER
Classification number 796.345 DAV
Edition number 21
090 00 - LOCALLY ASSIGNED LC-TYPE CALL NUMBER (OCLC); LOCAL CALL NUMBER (RLIN)
Classification number (OCLC) (R) ; Classification number, CALL (RLIN) (NR) 796.345
Local cutter number (OCLC) ; Book number/undivided call number, CALL (RLIN) DAV
100 1# - MAIN ENTRY--PERSONAL NAME
Personal name Davis, Pat
9 (RLIN) 7564
245 10 - TITLE STATEMENT
Title Badminton :
Remainder of title the complete practical guide /
Statement of responsibility, etc. Pat Davis
260 ## - PUBLICATION, DISTRIBUTION, ETC.
Place of publication, distribution, etc. Newton Abbot :
Name of publisher, distributor, etc. David & Charles,
Date of publication, distribution, etc. 1988
300 00 - PHYSICAL DESCRIPTION
Extent 192p. :
Other physical details ill. ;
Dimensions 25cm
500 ## - GENERAL NOTE
General note Includes index
650 #0 - SUBJECT ADDED ENTRY--TOPICAL TERM
Topical term or geographic name entry element Badminton (Game)
General subdivision Handbooks, manuals, etc
9 (RLIN) 7565
942 ## - ADDED ENTRY ELEMENTS (KOHA)
Source of classification or shelving scheme
Koha item type Book
Holdings
Withdrawn status Lost status Source of classification or shelving scheme Damaged status Not for loan Collection code Home library Current library Shelving location Date acquired Inventory number Total Checkouts Full call number Barcode Date last seen Price effective from Koha item type
          NON-FICTION AKMAL Melaka AKMAL Melaka PINJAMAN 24.05.2017 700063   796.345 DAV 201704936 24.05.2017 24.05.2017 Book
Pusat Sumber Maklumat Dato' Haji Sarmin Md Hussin, Akademi Kastam Diraja Malaysia, Melaka
Tel: 06-2331106 | Faks: 06-2313787